00339pab a2200133 454500008004000000100001800040245005000058260000900108300000900117362001100126650002900137650002000166773001900186180718b1997 xxu||||| |||| 00| 0 eng d aGurcharan Das aIndia after reforms: change at the grassroots c1997 ap.12 a12 Jul a India - Economic policy aEconomic reform aTimes of India